Départements français avec les noms les plus longs - Statistiques

Statistiques générales
  • Ce quiz a été pris 402 fois
    392 depuis la dernière actualisation
  • Le résultat moyen est 12 sur 14
Statistiques - réponses
Nombre de lettres Région Département % Correct
20 Provence-Alpes-Côte d'Azur Alpes-de-Haute-Provence
92%
19 Nouvelle-Aquitaine Pyrénées-Atlantiques
89%
14 Provence-Alpes-Côte d'Azur Bouches-du-Rhône
88%
14 Provence-Alpes-Côte d'Azur Alpes-Maritimes
87%
18 Occitanie Pyrénées-Orientales
87%
15 Île-de-France Seine-Saint-Denis
86%
13 Bretagne Ille-et-Vilaine
85%
16 Grand Est Meurthe-et-Moselle
85%
15 Pays de la Loire Loire-Atlantique
83%
13 Normandie Seine-Maritime
81%
16 Nouvelle-Aquitaine Charente-Maritime
76%
13 Occitanie Tarn-et-Garonne
76%
14 Occitanie Hautes-Pyrénées
74%
19 Bourgogne-France-Comté Territoire de Belfort
73%
Aucun quiz correspondant
Distribution des résultats
% des personnes avec chaque résultat
Percentile par nombre de réponses
Votre historique - résultats
Vous n’avez pas pris ce quiz depuis la dernière actualisation